000
00418nam a2200145Ia 4500
008
090124s9999 xx 000 0 und d
082
_b
400725
245
_a
सिंहासन बत्तिशी
250
_a
5
260
_b
भावे ह.अ.
_c
1976
300
_a
24
630
_a
सिंहासन बत्तिशी
730
_a
सिंहासन बत्तिशी
942
_c
BOOK
999
_c
196646
_d
196646